Biggest 1M World Cities within 500 Km - Statistics

General Stats
  • This quiz has been taken 3,898 times
  • The average score is 97 of 145
Answers on the Map
Answers color-coded by a green-red scale on the quiz's map according to % correct below.
 
Answer Stats
D City % Correct
3360 New York
96%
2508 London
94%
2479 Los Angeles
93%
1054 Madrid
93%
11319 Mexico City
93%
1484 Miami
93%
4177 Moscow
92%
1158 Chicago
91%
504 Lisbon
91%
1092 Seattle
91%
2903 Tokyo
91%
2899 Cairo
90%
567 San Francisco
90%
635 St. Petersburg
90%
5380 Sydney
90%
541 Toronto
90%
643 Milan
89%
570 Athens
88%
506 Barcelona
88%
958 Beijing
88%
1282 Dallas
88%
1243 Istanbul
88%
691 Stockholm
88%
1674 Buenos Aires
87%
1261 Cape Town
87%
3654 Delhi
87%
4483 Johannesburg
86%
3130 Lima
86%
1139 Santiago
86%
7423 Sao Paulo
86%
870 Seoul
86%
1869 Bogota
85%
3319 Jakarta
85%
887 Mumbai
85%
570 Tunis
85%
1242 Manila
84%
708 Melbourne
84%
657 Naples
84%
511 Panama City
84%
690 Budapest
83%
3852 Honolulu
83%
758 Kiev
83%
2729 Perth
83%
1201 Shanghai
83%
518 Algiers
82%
869 Atlanta
82%
623 Brasilia
82%
934 Denver
82%
855 Dubai
82%
568 Phoenix
82%
1913 Tehran
82%
2161 Auckland
81%
695 Baghdad
81%
1533 Bangkok
81%
1025 Caracas
81%
6366 Lagos
81%
991 Riyadh
79%
831 Casablanca
78%
1078 La Paz
78%
512 New Orleans
78%
1425 Dhaka
77%
1006 Kuala Lumpur
77%
513 Tripoli
77%
667 Nairobi
76%
987 Addis Ababa
75%
--- Guangzhou
75%
748 Ho Chi Minh City
75%
612 Damascus
74%
1781 Kinshasa
74%
861 Sana'a
74%
738 Brisbane
73%
566 Minneapolis
73%
839 Ulaanbaatar
73%
1800 Dakar
72%
1101 Karachi
72%
537 Kuwait
72%
601 Salt Lake City
72%
1059 Guatemala
71%
1606 Khartoum
71%
682 Colombo
70%
1021 Mogadishu
70%
938 Santo Domingo
70%
825 Asuncion
69%
675 Calgary
69%
655 Adelaide
68%
541 Baku
68%
871 San Jose
68%
549 Luanda
67%
2453 Dar es Salaam
66%
1610 Antananarivo
64%
501 Durban
60%
847 Jeddah
60%
1294 Manaus
59%
633 Monterrey
59%
831 Sapporo
59%
565 Xian
59%
975 Harare
58%
503 Kampala
58%
567 Wuhan
58%
837 Bangalore
57%
754 Tashkent
57%
1630 Recife
56%
920 Bamako
54%
500 Hyderabad
53%
710 N'Djamena
52%
575 Rangoon
52%
628 Ouagadougou
51%
667 Salvador
50%
832 Abidjan
49%
1240 Chengdu
49%
666 Almaty
48%
706 Conakry
47%
627 Fortaleza
47%
783 Bangui
46%
1692 Urumqi
46%
1129 Belem
45%
994 Guayaquil
45%
515 Lilongwe
45%
844 Porto Alegre
45%
1018 Yekaterinburg
45%
662 Port Elizabeth
44%
833 Kano
43%
1291 Novosibirsk
43%
500 Volgograd
43%
505 Xiamen
43%
646 Cordoba
42%
508 Harbin
42%
573 Surabaya
40%
611 Omsk
36%
570 Cebu
35%
519 Maracaibo
34%
542 Santa Cruz
33%
605 Douala
32%
627 Merida
30%
737 Mashhad
29%
527 Samara
27%
562 Ciudad Juarez
26%
560 Shenyeng
26%
630 Kunming
24%
775 Ujungpandang
20%
634 Krasnoyarsk
19%
514 Nanning
19%
626 Naha
18%
505 Lanzhou
13%
745 Mbuji-Mayi
13%
No matching quizzes found
Score Distribution
Percent of People with Each Score
Percentile by Number Answered
Your Score History
You have not taken this quiz